|
|
|
|
| LEADER |
01293nam a2200313 a 4500 |
| 001 |
14011733 |
| 008 |
100830r20092005enka b 000 0 eng d |
| 999 |
|
|
|c 9423
|d 9423
|
| 010 |
|
|
|a 2005278384
|
| 020 |
|
|
|a 9781119941246
|
| 020 |
|
|
|a 9781119943518
|
| 020 |
|
|
|a 9781119943495
|
| 020 |
|
|
|a 9781119943501
|
| 020 |
|
|
|a 9781119943525
|
| 020 |
|
|
|a 0470015799 (hbk.)
|
| 020 |
|
|
|a 0470015780 (pbk.)
|
| 040 |
|
|
|a COO
|c COO
|d DLC
|d DB-DhAAL
|
| 082 |
0 |
0 |
|a 729
|2 22
|
| 100 |
1 |
|
|a Pallasmaa, Juhani.
|9 23698
|
| 245 |
1 |
4 |
|a The eyes of the skin :
|b architecture and the senses /
|c Juhani Pallasmaa.
|
| 260 |
|
|
|a Chichester :
|b Wiley-Academy ;
|a Hoboken, NJ :
|b John Wiley & Sons,
|c 2005.[reprinted 2009]
|
| 300 |
|
|
|a 80 p. :
|b ill. ;
|c 22 cm.
|
| 526 |
|
|
|a ARC
|
| 541 |
1 |
|
|e 00020868
|
| 650 |
|
0 |
|a Architecture
|x Aesthetics.
|9 23699
|
| 852 |
4 |
|
|a Ayesha Abed Library
|j General Shelf.
|
| 942 |
|
|
|2 ddc
|c BK
|
| 952 |
|
|
|0 0
|1 0
|2 ddc
|4 0
|6 729_PAL_200900000000000
|7 0
|9 11839
|a BRACUL
|b BRACUL
|c GEN
|d 2010-09-15
|e TRIM EDUCATION
|g 3520.00
|l 11
|m 95
|o 729 PAL
|p 3010020868
|q 2026-03-08
|r 2025-06-22
|s 2025-06-22
|t 1
|w 2010-09-15
|y BK
|
| 952 |
|
|
|0 0
|1 0
|2 ddc
|4 0
|6 729_000000000000000_PAL
|7 0
|9 61701
|a BRACUL
|b BRACUL
|c GEN
|d 2017-11-08
|e Trim Education
|g 3233.00
|l 5
|m 8
|o 729 PAL
|p 3010032302
|r 2025-02-10
|s 2025-02-04
|t 2
|v 3233.00
|w 2017-10-31
|y BK
|